VI congreso internacional, gestión en recursos naturales (Registro nro. 3874)

Detalles MARC
000 -CABECERA
Campo de control 00880nam a2200205 a 4500
005 - FECHA Y HORA DE LA ULTIMA TRANSACCION
Campo de control 20200104041544.0
008 - ELEMENTOS DE LONGITUD FIJA—INFORMACION GENERAL
Campo de control 140312b2003 cl ||||| |||| 00| 0 spa d
040 ## - FUENTE DE CATALOGACIÓN
Agencia catalogadora original CO-BoIAVH
Agencia transcriptora CO-BoIAVH
041 0# - IDIOMA
Código de idioma para texto/pista de sonido o título separado Español
044 ## - PAÍS DE PUBLICACIÓN
País de publicación Chile
082 0# - NUMERO DE CLASIFICACION DECIMAL DEWEY
Número de clasificación 333.95
Número del ítem C74i
111 2# - ASIENTO PRINCIPAL--NOMBRE DE REUNION
Nombre de reunión o de jurisdicción como elemento de entrada Congreso Internacional, Gestión en Recursos Naturales
Lugar de la reunión Hotel Villa del Río, Valdivia, Chile
Fecha de la reunión Abril 21-25, 2003
Número de la parte/sección/reunión 6
9 (RLIN) 86906
245 13 - MENCION DE TITULO
Título VI congreso internacional, gestión en recursos naturales
Parte restante del título programa y libros de resúmenes /
260 ## - PUBLICACION, DISTRIBUCION, ETC. (PIE DE IMPRENTA)
Lugar de publicación, distribución, etc. Valdivia (Chike) :
Nombre del editor, distribuidor, etc. CEA,
Fecha de publicación, distribución, etc. 2003.
300 ## - DESCRIPCION FISICA
Extensión 126 páginas :
Otros detalles físicos tablas ;
Dimensiones 29 x 22 cm.
650 26 - ASIENTO SECUNDARIO DE MATERIA - TERMINO TEMATICO
Término temático o nombre geográfico como elemento de entrada Recursos naturales
Subdivisión general Desarrollo sostenible
Subdivisión de forma Congresos, conferencias, etc.
9 (RLIN) 86907
650 26 - ASIENTO SECUNDARIO DE MATERIA - TERMINO TEMATICO
Término temático o nombre geográfico como elemento de entrada Conservación de la diversidad biológica
Subdivisión general Desarrollo sostenible
Subdivisión de forma Congresos, conferencias, etc.
9 (RLIN) 86908
650 26 - ASIENTO SECUNDARIO DE MATERIA - TERMINO TEMATICO
Término temático o nombre geográfico como elemento de entrada Educación ambiental
9 (RLIN) 162
942 ## - ELEMENTOS ADICIONALES (KOHA)
Tipo de ítem Libro
Sistema de clasificación Dewey Decimal Classification
Existencias
Withdrawn status Lost status Sistema de Clasificación Damaged status No para préstamo Colección Inventariado Ubicación Permanente Ubicación actual Fecha de adquisición Total Checkouts Número topográfico Inventario / Código de Barras Date last seen Ejemplar Price effective from Forma de adquisición Tipo de material
    Dewey Decimal Classification     General Inventariado 2017 Sala Fabio Quevedo Sala Fabio Quevedo 26/05/2004   LB-333.95 C74i 015788 04/12/2012 Ej. 1 04/12/2012 Donación Libro